000 00302nam a22001337a 4500
008 180922b xxu||||| |||| 00| 0 eng d
020 _a9780195075984
041 _aeng
080 _a541
100 _a12
101 _aKIM
245 _aSpectra of Atoms and Molecules
_cBernath, P.F
942 _2udc
_cBK
999 _c48234
_d48234